[Event "Ruhrgebiet Verbandsliga Gruppe 2 1617"]
[Site "Germany"]
[Date "2016.12.18"]
[Round "5.1"]
[White "Kunisch, Siegfried"]
[Black "Zeldin, Leonid"]
[Result "1/2-1/2"]
[WhiteElo "2003"]
[BlackElo "2045"]
[PlyCount "32"]
[EventDate "2016.09.04"]
[EventType "team-tourn"]
[EventRounds "9"]
[EventCountry "GER"]
[SourceTitle "EXT 2022"]
[Source "ChessBase"]
[SourceDate "2021.10.06"]
[SourceVersion "1"]
[SourceVersionDate "2021.10.06"]
[SourceQuality "1"]
[WhiteTeam "Essen Listiger Bauer"]
[BlackTeam "Bochum SG III"]
[WhiteTeamCountry "GER"]
[BlackTeamCountry "GER"]

1. e4 c5 2. g3 d6 3. Bg2 g6 4. Nc3 Bg7 5. d3 Nc6 6. f4 e6 7. Nf3 Nge7 8. Be3 Nd4 9. 0-0 0-0 10. Nh4 Nec6 11. Qd2 f5 12. Nd1 Bf6 13. c3 Bxh4 14. gxh4 Nb5 15. Qf2 Bd7 16. Qg3 Rb8 1/2-1/2

[Event "Ruhrgebiet Verbandsliga Gruppe 2 1617"]
[Site "Germany"]
[Date "2016.10.30"]
[Round "3.1"]
[White "Happel, Heiner"]
[Black "Zeldin, Leonid"]
[Result "1/2-1/2"]
[WhiteElo "2168"]
[BlackElo "2045"]
[PlyCount "54"]
[EventDate "2016.09.04"]
[EventType "team-tourn"]
[EventRounds "9"]
[EventCountry "GER"]
[SourceTitle "EXT 2022"]
[Source "ChessBase"]
[SourceDate "2021.10.06"]
[SourceVersion "1"]
[SourceVersionDate "2021.10.06"]
[SourceQuality "1"]
[WhiteTeam "Hamm Koenigsspringer"]
[BlackTeam "Bochum SG III"]
[WhiteTeamCountry "GER"]
[BlackTeamCountry "GER"]

1. d4 d5 2. Nf3 Nf6 3. c4 e6 4. g3 Be7 5. Bg2 0-0 6. 0-0 c5 7. cxd5 exd5 8. b3 Nc6 9. Bb2 Be6 10. Nc3 Rc8 11. Rc1 b6 12. dxc5 bxc5 13. Na4 c4 14. Nd4 Nxd4 15. Bxd4 Qa5 16. bxc4 Rxc4 17. Rxc4 dxc4 18. Qc2 Rb8 19. Nc3 h6 20. Rb1 Rxb1+ 21. Qxb1 Bc5 22. Qb8+ Kh7 23. Qf4 Bxd4 24. Qxd4 Qa3 25. h3 Qb2 26. Kh2 Qb6 27. Qf4 Qa5 1/2-1/2

[Event "Ruhrgebiet Verbandsliga Gruppe 2 1415"]
[Site "Germany"]
[Date "2014.11.16"]
[Round "3"]
[White "Zeldin, Leonid"]
[Black "Steinle, Carsten"]
[Result "1-0"]
[WhiteElo "1997"]
[BlackElo "2124"]
[PlyCount "62"]
[EventDate "2014.09.21"]
[EventType "team-tourn"]
[EventRounds "9"]
[EventCountry "GER"]
[SourceTitle "EXT 2022"]
[Source "ChessBase"]
[SourceDate "2021.10.06"]
[SourceVersion "1"]
[SourceVersionDate "2021.10.06"]
[SourceQuality "1"]
[WhiteTeam "Bochum SG III"]
[BlackTeam "Ahlen SV"]
[WhiteTeamCountry "GER"]
[BlackTeamCountry "GER"]

1. g3 Nf6 2. Nf3 d5 3. d4 Bf5 4. Bg2 e6 5. 0-0 h6 6. c4 c6 7. Nc3 Bd6 8. Bf4 0-0 9. Bxd6 Qxd6 10. cxd5 exd5 11. Qd2 Nbd7 12. Qf4 Qe6 13. Rfe1 Ne4 14. Nxe4 Bxe4 15. Nd2 Bxg2 16. Kxg2 f5 17. Rac1 Nf6 18. b4 Rae8 19. h4 Nh5 20. Qf3 Qg6 21. b5 f4 22. g4 Nf6 23. bxc6 Nxg4 24. Kh3 h5 25. Qxd5+ Re6 26. Qg5 Qf7 27. c7 Rc8 28. f3 Ne3 29. Ne4 Rxe4 30. fxe4 Qe6+ 31. Kh2 Qg4 1-0

[Event "Ruhrgebiet Regionalliga 1112"]
[Site "Nordrheinwestfalen"]
[Date "2012.03.18"]
[Round "8.2"]
[White "Zeldin, Leonid"]
[Black "Dergatschova, Anna"]
[Result "1/2-1/2"]
[WhiteElo "2002"]
[BlackElo "2224"]
[PlyCount "105"]
[EventDate "2011.09.25"]
[EventType "team-tourn"]
[EventRounds "9"]
[EventCountry "GER"]
[SourceTitle "EXT 2020"]
[Source "ChessBase"]
[SourceDate "2019.10.17"]
[SourceVersion "1"]
[SourceVersionDate "2019.10.17"]
[SourceQuality "1"]
[WhiteTeam "Bochum SG III"]
[BlackTeam "Holsterhausen SK"]
[WhiteTeamCountry "GER"]
[BlackTeamCountry "GER"]

1. Nf3 Nc6 2. d4 d5 3. g3 Bg4 4. Bg2 e6 5. c4 Bb4+ 6. Bd2 Be7 7. cxd5 exd5 8. Bf4 Nf6 9. Nc3 0-0 10. Ne5 Be6 11. Nxc6 bxc6 12. 0-0 Rb8 13. Qc2 Qd7 14. Rac1 Bf5 15. Qd2 Bh3 16. Rfe1 Bxg2 17. Kxg2 Bb4 18. Qc2 c5 19. Be5 Ng4 20. a3 Nxe5 21. dxe5 Ba5 22. Red1 d4 23. e4 Qe6 24. Na4 Qxe5 25. Qxc5 Qxe4+ 26. Kg1 Bb6 27. Nxb6 Rxb6 28. Qxd4 Qf3 29. Qd3 Qf6 30. Qd4 Qf3 31. Qd3 Qb7 32. b4 Rd6 33. Qe3 Re6 34. Qc3 c6 35. Re1 Rf6 36. Rcd1 h6 37. Qc5 Qb6 38. Re7 Rd8 39. Rdd7 Rxd7 40. Rxd7 Qa6 41. Rd8+ Kh7 42. Qc2+ g6 43. Qd3 Qb5 44. Rd6 Rxd6 45. Qxd6 Qc4 46. Kg2 Qe4+ 47. Kg1 Qf3 48. Qe7 a6 49. Qe3 Qxe3 50. fxe3 Kg7 51. e4 Kf6 52. Kf2 Ke5 53. Ke3 1/2-1/2

[Event "NRW Class2 0910"]
[Site "Germany"]
[Date "2010.02.21"]
[Round "7.2"]
[White "Alienkin, Aleksander"]
[Black "Zeldin, Leonid"]
[Result "1-0"]
[WhiteElo "2398"]
[BlackElo "2117"]
[PlyCount "113"]
[EventDate "2009.09.20"]
[EventType "team-tourn"]
[EventRounds "9"]
[EventCountry "GER"]
[SourceTitle "EXT 2011"]
[Source "ChessBase"]
[SourceDate "2010.11.26"]
[SourceVersion "1"]
[SourceVersionDate "2010.11.26"]
[SourceQuality "1"]
[WhiteTeam "Aachen Aufwaerts"]
[BlackTeam "Iserlohn Koenigsspringer"]
[WhiteTeamCountry "GER"]
[BlackTeamCountry "GER"]

1. Nf3 Nf6 2. c4 e6 3. g3 c5 4. Bg2 Nc6 5. 0-0 Be7 6. d4 cxd4 7. Nxd4 a6 8. Nc3 0-0 9. e4 Qc7 10. b3 d6 11. Bb2 Bd7 12. Rc1 Nxd4 13. Qxd4 Rac8 14. Rfe1 Rfd8 15. h3 Qb8 16. Ba3 Ne8 17. Qd2 b5 18. cxb5 axb5 19. Bb4 Bf8 20. Ba5 Nc7 21. Ne2 Re8 22. e5 Nd5 23. Nc3 dxe5 24. Nxd5 exd5 25. Qxd5 Rxc1 26. Rxc1 Be6 27. Qd2 Rc8 28. Rxc8 Qxc8 29. Bb4 Qd7 30. Qe1 f6 31. Bxf8 Kxf8 32. Qb4+ Kf7 33. a4 bxa4 34. bxa4 f5 35. a5 e4 36. a6 Bd5 37. Bf1 Ba8 38. Qc5 Kg6 39. Be2 Qc6 40. Qe3 Kf6 41. h4 h6 42. Qd4+ Kg6 43. h5+ Kh7 44. Qc4 Qd6 45. Qf7 Qd5 46. Qxd5 Bxd5 47. Bb5 g6 48. Bd7 Bc4 49. Bc8 Bxa6 50. hxg6+ Kxg6 51. Bxa6 Kg5 52. Kg2 f4 53. Be2 fxg3 54. Kxg3 Kf5 55. Bh5 Kg5 56. Bg4 h5 57. Bxh5 1-0